01552nab a22002177a 4500003000400000005001700004008004100021040000700062100002200069245019000091260007300281300001500354500007500369505057700444505008901021650001501110650002401125650001801149650003101167773013601198OSt20260131214228.0190603e xxum|||| |||| 00| 0 spa d cPJ aFreier, Martín 10aContratos de distribución en sentido estricto :bdiferencias con figuras afines, marco legal aplicable y criterio jurisprudencial en materia de preaviso razonable /cMartín Freier.  cCiudad Autónoma de Buenos Aires :aThomson Reuters La Ley, b2025. ap. 246-256 aCita: TR LALEY AR/DOC/2865/2025 Publicado en: RCCyC 2025 (Diciembre). aSumario: I. Introducción.— II. Aproximaciones a la noción de los contratos de distribución en sentido estricto.— III. Los contratos de distribución nominados. Tratamiento normativo y diferenciación con los contratos de distribución en sentido estricto.— IV. Tratamiento del contrato de distribución en sentido estricto en el sistema legal argentino.— V. Pautas interpretativas de la Excma. Cámara Nacional de Apelaciones en lo Comercial en materia de preaviso razonable, indemnización sustitutiva de preaviso y aplicación a cada caso concreto.  t¿Te interesa el texto completo? Solicitalo al correo: koha@justierradelfuego.gov.ar 0aCONTRATOS  0aCONTRATO DE AGENCIA 0aLUCRO CESANTE 0aAUTONOMÍA DE LA VOLUNTAD0 02713dCiudad Autónoma de Buenos Aires : Thomson Reuters La Ley, 2015-tRevista Código Civil y Comercial. Nº 6 - Diciembre 2025